000 00879pam a2200373 a 4500
001 11266340
003 DO-SdBNP
005 20180222124028.0
007 11266340
008 941104s 1996 xxu a j 000 1 eng
010 _a
020 _a0590947257
040 _aBPMSU
_cspa
_dBPMSU
041 _aspa
_deng
042 _a
050 0 0 _a
_b
082 0 0 _a
_2
100 1 _aDanziger, Paula,
_d1944-
245 1 0 _a Forever Amber Brown /
_cPaula Danziger ; illustrated by Tony Ross.
246 _a
_b
260 _aNew York :
_bPutnam's Sons,
_c1996.
300 _a101 p. :
_bil ;
_c23 cm.
520 _a
650 _a
_x
650 _a
_x
650 _a
_x
700 1 2 _aRoss, Tony,
_eil.
856 4 2 _3
_u
856 4 2 _3
_u
942 _2ddc
_cBK
945 _aInventariado, 2018 /LP
956 _aVMATEO
_b10
_c20160330
_hBPMSU
999 _c9450
_d9450